[Event "OP-2017-0-04501"]
[Site "LSS email"]
[Date "2017.12.31"]
[Round "?"]
[White "Jovanovic, Bratislav M"]
[Black "Szczepanski, Zbigniew"]
[Result "0-1"]
[WhiteElo "1992"]
[BlackElo "2473"]
[PlyCount "63"]
[EventDate "2017.12.23"]
[EventType "tourn (corr)"]
[EventRounds "4"]
[EventCountry "GER"]
[SourceTitle "Corr 2022"]
[Source "ChessBase"]
[SourceDate "2021.10.24"]
[SourceVersion "1"]
[SourceVersionDate "2021.10.24"]
[SourceQuality "1"]

1. e4 e5 2. Nc3 Nc6 3. Nf3 Nf6 4. Bb5 Bc5 5. 0-0 0-0 6. Bxc6 dxc6 7. d3 Re8 8. h3 a5 9. Ne2 a4 10. Ng3 Bf8 11. Re1 c5 12. Bd2 Nd7 13. Qe2 Nb8 14. Be3 b5 15. c3 Nc6 16. Red1 Qe7 17. d4 cxd4 18. cxd4 Nxd4 19. Nxd4 exd4 20. Rxd4 b4 21. Rd2 c5 22. a3 Be6 23. Bf4 Red8 24. Rxd8 Qxd8 25. Rd1 Qf6 26. Nh5 Qg6 27. Ng3 Bb3 28. Rd7 Qe6 29. Qb5 Qe8 30. Qb7 c4 31. axb4 c3 32. bxc3 0-1

[Event "RB-2017-0-00347"]
[Site "LSS email"]
[Date "2017.09.11"]
[Round "?"]
[White "Crapulli, Giuseppe"]
[Black "Jovanovic, Bratislav M"]
[Result "1-0"]
[WhiteElo "1902"]
[BlackElo "2044"]
[PlyCount "39"]
[EventDate "2017.07.18"]
[EventType "tourn (corr)"]
[EventRounds "6"]
[EventCountry "GER"]
[SourceTitle "Corr 2022"]
[Source "ChessBase"]
[SourceDate "2021.10.24"]
[SourceVersion "1"]
[SourceVersionDate "2021.10.24"]
[SourceQuality "1"]

1. e4 e6 2. d4 d5 3. Nc3 Nf6 4. e5 Nfd7 5. f4 c5 6. Nf3 Nc6 7. Be3 a6 8. Qd2 b5 9. dxc5 Bxc5 10. Bd3 Qb6 11. Bf2 Bb7 12. a3 h6 13. 0-0 0-0-0 14. b4 Bxf2+ 15. Rxf2 g5 16. a4 Nxb4 17. axb5 Nxd3 18. cxd3 Nc5 19. bxa6 Bxa6 20. Rb1 1-0

[Event "OP-2016-0-04203"]
[Site "LSS email"]
[Date "2016.11.07"]
[Round "?"]
[White "Jovanovic, Bratislav M"]
[Black "Kolanek, Roman"]
[Result "1/2-1/2"]
[WhiteElo "2030"]
[BlackElo "2129"]
[PlyCount "41"]
[EventDate "2016.10.31"]
[EventType "tourn (corr)"]
[EventRounds "4"]
[EventCountry "GER"]
[SourceTitle "Corr 2022"]
[Source "ChessBase"]
[SourceDate "2021.10.24"]
[SourceVersion "1"]
[SourceVersionDate "2021.10.24"]
[SourceQuality "1"]

1. e4 c5 2. Nf3 d6 3. d4 cxd4 4. Nxd4 Nf6 5. Nc3 a6 6. Be3 Ng4 7. Bc1 Nf6 8. f3 e5 9. Nb3 Be7 10. Be3 Be6 11. Qd2 Nbd7 12. g4 Qc7 13. 0-0-0 0-0 14. Kb1 b5 15. g5 Nh5 16. f4 exf4 17. Bxf4 Nxf4 18. Qxf4 Rac8 19. Nd4 Nb6 20. Bd3 Qd8 21. Nxe6 1/2-1/2

[Event "OP-2016-0-04203"]
[Site "LSS email"]
[Date "2016.11.07"]
[Round "?"]
[White "Kourkoulos, Stamatis"]
[Black "Jovanovic, Bratislav M"]
[Result "0-1"]
[WhiteElo "1855"]
[BlackElo "2030"]
[PlyCount "42"]
[EventDate "2016.10.31"]
[EventType "tourn (corr)"]
[EventRounds "4"]
[EventCountry "GER"]
[SourceTitle "Corr 2022"]
[Source "ChessBase"]
[SourceDate "2021.10.24"]
[SourceVersion "1"]
[SourceVersionDate "2021.10.24"]
[SourceQuality "1"]

1. Nf3 d5 2. c4 e6 3. g3 c6 4. Bg2 f5 5. 0-0 Nf6 6. b3 Bd6 7. Ba3 0-0 8. d4 b6 9. Qc2 Bxa3 10. Nxa3 Qd6 11. Qb2 Nbd7 12. Rac1 Bb7 13. Ne5 Ne4 14. b4 Rac8 15. Nd3 Qe7 16. Rfe1 a5 17. b5 c5 18. cxd5 exd5 19. Nc2 c4 20. Nf4 g5 21. Nh3 f4 0-1

[Event "CP-2016-P-00018"]
[Site "LSS email"]
[Date "2016.09.27"]
[Round "?"]
[White "Jovanovic, Bratislav M"]
[Black "Corti, Horacio"]
[Result "0-1"]
[WhiteElo "2031"]
[BlackElo "2341"]
[PlyCount "93"]
[EventDate "2016.10.01"]
[EventType "tourn (corr)"]
[EventRounds "6"]
[EventCountry "GER"]
[SourceTitle "Corr 2022"]
[Source "ChessBase"]
[SourceDate "2021.10.24"]
[SourceVersion "1"]
[SourceVersionDate "2021.10.24"]
[SourceQuality "1"]

1. e4 e5 2. Nc3 Nf6 3. Nf3 Nc6 4. Bb5 Nd4 5. Bd3 Nxf3+ 6. Qxf3 Bc5 7. h3 0-0 8. 0-0 c6 9. Bc4 b5 10. Bb3 a5 11. a3 d6 12. d3 Be6 13. Bg5 h6 14. Bxf6 Qxf6 15. Qxf6 gxf6 16. Bxe6 fxe6 17. a4 Rfb8 18. g3 Kf7 19. Kg2 h5 20. Rfb1 b4 21. Ne2 Ke7 22. Rf1 Rg8 23. f4 d5 24. fxe5 fxe5 25. Rad1 Rac8 26. Ng1 Bd4 27. b3 dxe4 28. dxe4 Rg7 29. Ne2 c5 30. Rf3 Rgg8 31. Rdf1 c4 32. Rf7+ Kd6 33. Rd1 cxb3 34. cxb3 Rc2 35. Rf2 h4 36. g4 Rgc8 37. g5 R2c7 38. Kh1 Rg7 39. Rg2 Rcg8 40. Rg4 Rxg5 41. Rxh4 Rf8 42. Nxd4 exd4 43. Rxd4+ Ke5 44. Rc4 Rf1+ 45. Kh2 Rf2+ 46. Kh1 Rg3 47. Rh5+ 0-1

[Event "RA-2016-0-00468"]
[Site "LSS email"]
[Date "2016.09.09"]
[Round "?"]
[White "Jovanovic, Bratislav M"]
[Black "Andreev, Vlad"]
[Result "0-1"]
[WhiteElo "2095"]
[BlackElo "2060"]
[PlyCount "46"]
[EventDate "2016.08.22"]
[EventType "tourn (corr)"]
[EventRounds "6"]
[EventCountry "GER"]
[SourceTitle "Corr 2022"]
[Source "ChessBase"]
[SourceDate "2021.10.24"]
[SourceVersion "1"]
[SourceVersionDate "2021.10.24"]
[SourceQuality "1"]

1. e4 c6 2. d4 d5 3. e5 Bf5 4. Nf3 e6 5. Be2 Nd7 6. 0-0 Ne7 7. Nbd2 h6 8. Nb3 g5 9. Ne1 Qc7 10. Nd3 Ng6 11. Ne1 Ne7 12. f4 c5 13. c3 0-0-0 14. fxg5 hxg5 15. Bb5 Nxe5 16. dxe5 Bg7 17. g3 Bxe5 18. Ng2 c4 19. Nd4 Be4 20. Be3 Bxg3 21. hxg3 Qxg3 22. Rf3 Qh2+ 23. Kf1 Rh3 0-1

[Event "RA-2016-0-00468"]
[Site "LSS email"]
[Date "2016.09.09"]
[Round "?"]
[White "Misericordia, Antonio"]
[Black "Jovanovic, Bratislav M"]
[Result "1-0"]
[WhiteElo "2297"]
[BlackElo "2095"]
[PlyCount "67"]
[EventDate "2016.08.22"]
[EventType "tourn (corr)"]
[EventRounds "6"]
[EventCountry "GER"]
[SourceTitle "Corr 2022"]
[Source "ChessBase"]
[SourceDate "2021.10.24"]
[SourceVersion "1"]
[SourceVersionDate "2021.10.24"]
[SourceQuality "1"]

1. d4 Nf6 2. Nf3 g6 3. c4 Bg7 4. e3 0-0 5. Be2 d6 6. Nc3 Nbd7 7. 0-0 e5 8. Qc2 c6 9. e4 exd4 10. Nxd4 Re8 11. Rd1 Nc5 12. f3 a5 13. Bg5 Qc7 14. Qd2 Nfd7 15. Be3 b6 16. Rab1 Bb7 17. b3 Be5 18. a3 Nf6 19. Kh1 Red8 20. Bf1 Nh5 21. g3 Ng7 22. Bg2 Nge6 23. Nde2 Bf6 24. f4 Ng7 25. Qc2 Nd7 26. Kg1 Be7 27. Nd4 Ne8 28. Qf2 Nef6 29. Bf3 Re8 30. g4 Nc5 31. g5 Nfd7 32. h4 Bf8 33. h5 Qd8 34. Rd2 1-0

[Event "RA-2016-0-00467"]
[Site "LSS email"]
[Date "2016.09.02"]
[Round "?"]
[White "Celan, Melissa"]
[Black "Jovanovic, Bratislav M"]
[Result "1-0"]
[WhiteElo "2113"]
[BlackElo "2095"]
[PlyCount "93"]
[EventDate "2016.08.19"]
[EventType "tourn (corr)"]
[EventRounds "6"]
[EventCountry "GER"]
[SourceTitle "Corr 2022"]
[Source "ChessBase"]
[SourceDate "2021.10.24"]
[SourceVersion "1"]
[SourceVersionDate "2021.10.24"]
[SourceQuality "1"]

1. d4 Nf6 2. c4 g6 3. Nc3 Bg7 4. e4 d6 5. h3 0-0 6. Nf3 e5 7. dxe5 dxe5 8. Be3 Nbd7 9. Qc2 c6 10. Rd1 Qe7 11. Be2 Nc5 12. 0-0 Nfd7 13. b4 Ne6 14. c5 a5 15. a3 f5 16. Bc4 axb4 17. axb4 Kh8 18. exf5 gxf5 19. Rd6 Nf6 20. Bxe6 Bxe6 21. Bg5 Rad8 22. Rfd1 e4 23. Qd2 Rxd6 24. cxd6 Qe8 25. Nd4 Bd7 26. Bh6 Qg6 27. Bxg7+ Qxg7 28. Nde2 Ra8 29. Nf4 Ne8 30. Kh2 Qe5 31. Nce2 Ra4 32. b5 cxb5 33. Qe3 Ra6 34. Rd5 Qf6 35. Nh5 Qf7 36. Nef4 Kg8 37. Qc3 Rc6 38. Qg3+ Kf8 39. Rxb5 Nxd6 40. Rb1 Bc8 41. Qa3 Qe7 42. Qb2 Kg8 43. Nd5 Qf7 44. Ndf6+ Kf8 45. Rd1 Be6 46. Qe5 Qc7 47. Nxh7+ 1-0

[Event "RA-2016-0-00467"]
[Site "LSS email"]
[Date "2016.08.31"]
[Round "?"]
[White "Jovanovic, Bratislav M"]
[Black "Llorente Alvarez, Jose Luis"]
[Result "1/2-1/2"]
[WhiteElo "2095"]
[BlackElo "2159"]
[PlyCount "71"]
[EventDate "2016.08.19"]
[EventType "tourn (corr)"]
[EventRounds "6"]
[EventCountry "GER"]
[SourceTitle "Corr 2022"]
[Source "ChessBase"]
[SourceDate "2021.10.24"]
[SourceVersion "1"]
[SourceVersionDate "2021.10.24"]
[SourceQuality "1"]

1. c4 Nf6 2. d4 e6 3. Nf3 c5 4. d5 exd5 5. cxd5 d6 6. Nc3 g6 7. Bf4 a6 8. a4 Bg7 9. h3 0-0 10. e3 Re8 11. Nd2 Nbd7 12. Be2 Ne5 13. 0-0 Nfd7 14. Qc2 f5 15. a5 Rb8 16. Ra3 Qf6 17. Rb1 Qd8 18. b4 cxb4 19. Rxb4 b5 20. axb6 Rxb6 21. Qb2 Qc7 22. Rxb6 Nxb6 23. Bxa6 Nf7 24. Qb5 Bd7 25. Qb4 g5 26. Bg3 Ra8 27. Ndb1 h6 28. Be2 Rxa3 29. Qxa3 Ne5 30. Nd2 Ng6 31. Nb5 Qc2 32. Qd3 Qxd3 33. Bxd3 Ne5 34. Bf1 Nxd5 35. Nxd6 f4 36. exf4 1/2-1/2

[Event "SA-2016-0-00535"]
[Site "LSS email"]
[Date "2016.08.31"]
[Round "?"]
[White "Jovanovic, Bratislav M"]
[Black "Misericordia, Antonio"]
[Result "0-1"]
[WhiteElo "2099"]
[BlackElo "2284"]
[PlyCount "76"]
[EventDate "2016.08.11"]
[EventType "tourn (corr)"]
[EventRounds "6"]
[EventCountry "GER"]
[SourceTitle "Corr 2022"]
[Source "ChessBase"]
[SourceDate "2021.10.24"]
[SourceVersion "1"]
[SourceVersionDate "2021.10.24"]
[SourceQuality "1"]

1. e4 e6 2. d4 d5 3. Nd2 c5 4. exd5 exd5 5. Ngf3 Nf6 6. Bb5+ Bd7 7. Bxd7+ Qxd7 8. 0-0 cxd4 9. Ne5 Qc8 10. Re1 Be7 11. Ndf3 0-0 12. Bg5 h6 13. Bh4 Re8 14. Nxd4 Nc6 15. Nexc6 bxc6 16. c4 g5 17. Bg3 Bc5 18. Rxe8+ Qxe8 19. Nb3 Bf8 20. cxd5 Nxd5 21. h4 Bg7 22. Qc2 gxh4 23. Bxh4 a5 24. a4 Nf4 25. Rd1 Rb8 26. Nxa5 Ne2+ 27. Kf1 Nd4 28. Qd2 c5 29. b3 Qe5 30. Bg3 Qh5 31. f3 Re8 32. Re1 Ne2 33. Bh4 Ng3+ 34. Kf2 Rxe1 35. Qd8+ Kh7 36. Kxe1 Bc3+ 37. Kd1 Bxa5 38. Qd3+ Nf5 0-1

[Event "SA-2016-0-00535"]
[Site "LSS email"]
[Date "2016.08.31"]
[Round "?"]
[White "Nowak, Ireneusz"]
[Black "Jovanovic, Bratislav M"]
[Result "1-0"]
[WhiteElo "2114"]
[BlackElo "2099"]
[PlyCount "79"]
[EventDate "2016.08.11"]
[EventType "tourn (corr)"]
[EventRounds "6"]
[EventCountry "GER"]
[SourceTitle "Corr 2022"]
[Source "ChessBase"]
[SourceDate "2021.10.24"]
[SourceVersion "1"]
[SourceVersionDate "2021.10.24"]
[SourceQuality "1"]

1. e4 e6 2. d4 d5 3. Nc3 Bb4 4. e5 c5 5. a3 Bxc3+ 6. bxc3 Qc7 7. Qg4 Ne7 8. Qxg7 Rg8 9. Qxh7 cxd4 10. Ne2 dxc3 11. f4 Nbc6 12. Qd3 Bd7 13. Qxc3 Nf5 14. Rb1 d4 15. Qc4 0-0-0 16. h3 Be8 17. g4 Ne3 18. Bxe3 dxe3 19. Bg2 Na5 20. Qxc7+ Kxc7 21. g5 Rd2 22. h4 Rxc2 23. Rh3 Rh8 24. h5 Ra2 25. h6 Rxa3 26. Rc1+ Kb8 27. f5 exf5 28. e6 Ra4 29. exf7 Bxf7 30. Rxe3 Rg4 31. Rg3 Rxg3 32. Nxg3 Nb3 33. Rd1 Nc5 34. Nxf5 Bg6 35. Nh4 Bd3 36. Kf2 Kc7 37. Ke3 Bh7 38. Bd5 a5 39. Kd4 Kd6 40. Rf1 1-0

[Event "RA-2016-0-00465"]
[Site "LSS email"]
[Date "2016.08.25"]
[Round "?"]
[White "Jovanovic, Bratislav M"]
[Black "Khanas, Valeriy"]
[Result "1/2-1/2"]
[WhiteElo "2099"]
[BlackElo "2310"]
[PlyCount "36"]
[EventDate "2016.08.10"]
[EventType "tourn (corr)"]
[EventRounds "6"]
[EventCountry "GER"]
[SourceTitle "Corr 2022"]
[Source "ChessBase"]
[SourceDate "2021.10.24"]
[SourceVersion "1"]
[SourceVersionDate "2021.10.24"]
[SourceQuality "1"]

1. d4 Nf6 2. c4 g6 3. Nc3 Bg7 4. e4 d6 5. f3 0-0 6. Be3 a6 7. Nge2 c6 8. a4 a5 9. Qd2 Na6 10. 0-0-0 Qb6 11. Kb1 Qb4 12. Nf4 Qb3 13. g4 e5 14. Nfe2 Qxc4 15. g5 Nh5 16. Nc1 Qb4 17. Nd3 Qb3 18. Nc1 Qb4 1/2-1/2

[Event "RA-2016-0-00465"]
[Site "LSS email"]
[Date "2016.08.25"]
[Round "?"]
[White "Morcin, Tom"]
[Black "Jovanovic, Bratislav M"]
[Result "1-0"]
[WhiteElo "2270"]
[BlackElo "2099"]
[PlyCount "52"]
[EventDate "2016.08.10"]
[EventType "tourn (corr)"]
[EventRounds "6"]
[EventCountry "GER"]
[SourceTitle "Corr 2022"]
[Source "ChessBase"]
[SourceDate "2021.10.24"]
[SourceVersion "1"]
[SourceVersionDate "2021.10.24"]
[SourceQuality "1"]

1. e4 e6 2. d4 d5 3. Nc3 Bb4 4. e5 c5 5. a3 Bxc3+ 6. bxc3 Qa5 7. Bd2 Qa4 8. Qg4 g6 9. Nf3 Nc6 10. Be2 c4 11. Ra2 Bd7 12. Qh4 h6 13. 0-0 Nce7 14. Bg5 Qa5 15. Rb1 Bc6 16. a4 Nc8 17. Ra3 Nb6 18. h3 Nxa4 19. Rba1 Kf8 20. Nh2 Kg7 21. Bf6+ Nxf6 22. exf6+ Kg8 23. Ng4 h5 24. Ne5 Be8 25. Qg5 b5 26. h4 Qc7 1-0

[Event "RA-2016-0-00459"]
[Site "LSS email"]
[Date "2016.07.31"]
[Round "?"]
[White "Grego, Luis Jose Gonzaga"]
[Black "Jovanovic, Bratislav M"]
[Result "1/2-1/2"]
[WhiteElo "2190"]
[BlackElo "2103"]
[PlyCount "32"]
[EventDate "2016.07.15"]
[EventType "tourn (corr)"]
[EventRounds "6"]
[EventCountry "GER"]
[SourceTitle "Corr 2022"]
[Source "ChessBase"]
[SourceDate "2021.10.24"]
[SourceVersion "1"]
[SourceVersionDate "2021.10.24"]
[SourceQuality "1"]

1. e4 e6 2. d4 d5 3. Nc3 Bb4 4. e5 c5 5. a3 Bxc3+ 6. bxc3 Qa5 7. Bd2 Qa4 8. Qg4 g6 9. Nf3 Nc6 10. Be2 c4 11. 0-0 Bd7 12. Qh4 h6 13. Rfb1 b6 14. Ra2 Nce7 15. Ng5 Qa5 16. Qh3 Nf5 1/2-1/2

[Event "RA-2016-0-00459"]
[Site "LSS email"]
[Date "2016.07.31"]
[Round "?"]
[White "Jovanovic, Bratislav M"]
[Black "Daanen, Aard"]
[Result "1/2-1/2"]
[WhiteElo "2103"]
[BlackElo "2214"]
[PlyCount "34"]
[EventDate "2016.07.15"]
[EventType "tourn (corr)"]
[EventRounds "6"]
[EventCountry "GER"]
[SourceTitle "Corr 2022"]
[Source "ChessBase"]
[SourceDate "2021.10.24"]
[SourceVersion "1"]
[SourceVersionDate "2021.10.24"]
[SourceQuality "1"]

1. e4 e5 2. Nc3 Nf6 3. Nf3 Nc6 4. Bb5 Bb4 5. 0-0 0-0 6. d3 Bxc3 7. bxc3 d6 8. Bg5 Bd7 9. d4 h6 10. Bh4 a6 11. Bd3 Bg4 12. h3 Bxf3 13. Qxf3 exd4 14. cxd4 Nxd4 15. Qe3 Nc6 16. f4 Re8 17. Rae1 Qe7 1/2-1/2

[Event "RA-2016-0-00459"]
[Site "LSS email"]
[Date "2016.07.31"]
[Round "?"]
[White "Schormann, Conrad"]
[Black "Jovanovic, Bratislav M"]
[Result "1-0"]
[WhiteElo "2353"]
[BlackElo "2103"]
[PlyCount "127"]
[EventDate "2016.07.15"]
[EventType "tourn (corr)"]
[EventRounds "6"]
[EventCountry "GER"]
[SourceTitle "Corr 2022"]
[Source "ChessBase"]
[SourceDate "2021.10.24"]
[SourceVersion "1"]
[SourceVersionDate "2021.10.24"]
[SourceQuality "1"]

1. d4 e6 2. c4 d5 3. Nf3 Nf6 4. Nc3 c6 5. e3 Nbd7 6. Qc2 Bd6 7. Be2 0-0 8. 0-0 dxc4 9. Bxc4 b5 10. Be2 Bb7 11. e4 e5 12. dxe5 Nxe5 13. Nd4 Neg4 14. g3 Bxg3 15. hxg3 Qxd4 16. Qd1 Qxd1 17. Rxd1 Rfe8 18. f3 Ne5 19. Be3 a5 20. b3 a4 21. b4 Rad8 22. Bb6 Rxd1+ 23. Rxd1 Ned7 24. Bd4 h5 25. Kf2 Re7 26. Bf1 Ne5 27. Bh3 g6 28. Ne2 Nfd7 29. Nf4 Kf8 30. Ng2 Ke8 31. Ne3 f6 32. Bc3 Nf8 33. f4 Ned7 34. Bg2 Kf7 35. a3 Ba8 36. f5 Ne5 37. fxg6+ Nfxg6 38. Bh3 Re8 39. Nf5 Kg8 40. Nd6 Rd8 41. Be6+ Kh7 42. Ke2 Nf8 43. Bf5+ Kg7 44. g4 hxg4 45. Bxg4 Kh7 46. Rh1+ Kg7 47. Nf5+ Kg8 48. Bxe5 fxe5 49. Rh6 Rd7 50. Ke3 Rc7 51. Rd6 c5 52. bxc5 Rxc5 53. Rd8 Bb7 54. Nd6 Bc6 55. Rc8 Kg7 56. Rc7+ Kf6 57. Bf5 Ng6 58. Rf7+ Kg5 59. Rg7 Rc3+ 60. Ke2 Rc2+ 61. Kd3 Ra2 62. Rxg6+ Kf4 63. Be6 Rxa3+ 64. Ke2 1-0

[Event "SA-2016-0-00520"]
[Site "LSS email"]
[Date "2016.05.29"]
[Round "?"]
[White "Jimenez Alonso, Julio"]
[Black "Jovanovic, Bratislav M"]
[Result "1/2-1/2"]
[WhiteElo "2052"]
[BlackElo "2112"]
[PlyCount "44"]
[EventDate "2016.04.11"]
[EventType "tourn (corr)"]
[EventRounds "6"]
[EventCountry "GER"]
[SourceTitle "Corr 2022"]
[Source "ChessBase"]
[SourceDate "2021.10.24"]
[SourceVersion "1"]
[SourceVersionDate "2021.10.24"]
[SourceQuality "1"]

1. d4 e6 2. Nf3 d5 3. Bf4 Nf6 4. e3 c5 5. c3 Nc6 6. Nbd2 Bd6 7. Bg3 0-0 8. Bd3 b6 9. Ne5 Bb7 10. 0-0 Rc8 11. a4 c4 12. Bc2 Qc7 13. f4 Ne7 14. Qf3 Ne8 15. Qh5 f5 16. Ndf3 Nf6 17. Qh3 Nc6 18. Bh4 Rce8 19. Bxf6 gxf6 20. Nxc6 Bxc6 21. Kh1 Qg7 22. Qh4 Qg4 1/2-1/2

[Event "SA-2016-0-00520"]
[Site "LSS email"]
[Date "2016.05.29"]
[Round "?"]
[White "Jovanovic, Bratislav M"]
[Black "Llorente Alvarez, Jose Luis"]
[Result "1/2-1/2"]
[WhiteElo "2112"]
[BlackElo "2166"]
[PlyCount "74"]
[EventDate "2016.04.11"]
[EventType "tourn (corr)"]
[EventRounds "6"]
[EventCountry "GER"]
[SourceTitle "Corr 2022"]
[Source "ChessBase"]
[SourceDate "2021.10.24"]
[SourceVersion "1"]
[SourceVersionDate "2021.10.24"]
[SourceQuality "1"]

1. e4 e5 2. Nc3 Nf6 3. Nf3 Nc6 4. Bb5 Nd4 5. Bd3 Nxf3+ 6. Qxf3 Bc5 7. h3 0-0 8. 0-0 c6 9. Bc4 b5 10. Bb3 a5 11. a3 d6 12. d3 a4 13. Ba2 Be6 14. Ne2 Qd7 15. Ng3 Ne8 16. Re1 Bxa2 17. Rxa2 Nc7 18. Be3 Ne6 19. Bxc5 dxc5 20. Nf5 g6 21. Qg3 Nf4 22. Qg4 Rfd8 23. Nh6+ Kg7 24. Nf5+ Kh8 25. Ne3 Qe7 26. Kh2 Rd7 27. Raa1 h5 28. Qf3 Ne6 29. Qg3 Qf6 30. f3 h4 31. Qf2 Kg7 32. Ng4 Qg5 33. Qe3 Qxe3 34. Nxe3 Rad8 35. Kg1 f6 36. Kf2 Nf4 37. Kf1 Kh6 1/2-1/2

[Event "SA-2016-0-00520"]
[Site "LSS email"]
[Date "2016.05.29"]
[Round "?"]
[White "Kazimierski, Tomasz"]
[Black "Jovanovic, Bratislav M"]
[Result "1-0"]
[WhiteElo "2157"]
[BlackElo "2112"]
[PlyCount "45"]
[EventDate "2016.04.11"]
[EventType "tourn (corr)"]
[EventRounds "6"]
[EventCountry "GER"]
[SourceTitle "Corr 2022"]
[Source "ChessBase"]
[SourceDate "2021.10.24"]
[SourceVersion "1"]
[SourceVersionDate "2021.10.24"]
[SourceQuality "1"]

1. e4 e6 2. d4 d5 3. Nc3 Bb4 4. exd5 exd5 5. Bd3 Nf6 6. Nf3 0-0 7. 0-0 Nc6 8. h3 a6 9. a3 Bd6 10. Bg5 Be6 11. Qd2 Re8 12. Ne2 h6 13. Bh4 Be7 14. Ng3 b6 15. Qf4 Qd6 16. Ne5 Kf8 17. Rae1 g5 18. Bxg5 hxg5 19. Qxg5 Ng8 20. Qh5 Nxe5 21. dxe5 Qc6 22. Re3 Red8 23. Ne2 1-0

[Event "RA-2016-0-00441"]
[Site "LSS email"]
[Date "2016.04.30"]
[Round "?"]
[White "Celan, Melissa"]
[Black "Jovanovic, Bratislav M"]
[Result "1/2-1/2"]
[WhiteElo "2019"]
[BlackElo "2147"]
[PlyCount "76"]
[EventDate "2016.03.13"]
[EventType "tourn (corr)"]
[EventRounds "6"]
[EventCountry "GER"]
[SourceTitle "Corr 2022"]
[Source "ChessBase"]
[SourceDate "2021.10.24"]
[SourceVersion "1"]
[SourceVersionDate "2021.10.24"]
[SourceQuality "1"]

1. d4 f5 2. g3 Nf6 3. Bg2 d5 4. c4 e6 5. cxd5 exd5 6. Bf4 Bd6 7. Nh3 0-0 8. 0-0 c6 9. Nd2 Ne4 10. f3 Bxf4 11. Nxf4 Nd6 12. e4 g5 13. Nh5 f4 14. Rf2 Be6 15. e5 Ne8 16. Qc2 Qe7 17. Bf1 Bf7 18. g4 Bxh5 19. gxh5 Ng7 20. Bh3 Nxh5 21. Nb3 Na6 22. Kh1 Kh8 23. Rg1 Rg8 24. Bf5 Raf8 25. a3 Qf7 26. Bd3 Nb8 27. Nc1 Nd7 28. Nb3 Rg7 29. Rg4 Rd8 30. a4 Nf8 31. a5 Ne6 32. a6 Rb8 33. Qc3 bxa6 34. Nc5 Nxc5 35. Qxc5 Qb7 36. Qc3 a5 37. Rc2 Qb3 38. Qd2 Qb4 1/2-1/2

[Event "RA-2016-0-00441"]
[Site "LSS email"]
[Date "2016.04.30"]
[Round "?"]
[White "Jovanovic, Bratislav M"]
[Black "Daanen, Aard"]
[Result "1/2-1/2"]
[WhiteElo "2147"]
[BlackElo "2228"]
[PlyCount "58"]
[EventDate "2016.03.13"]
[EventType "tourn (corr)"]
[EventRounds "6"]
[EventCountry "GER"]
[SourceTitle "Corr 2022"]
[Source "ChessBase"]
[SourceDate "2021.10.24"]
[SourceVersion "1"]
[SourceVersionDate "2021.10.24"]
[SourceQuality "1"]

1. e4 e5 2. Nc3 Nf6 3. Nf3 Nc6 4. Bb5 Bb4 5. 0-0 0-0 6. d3 Bxc3 7. bxc3 d6 8. Bg5 Qe7 9. Re1 Nd8 10. d4 Ne6 11. Bd2 c5 12. d5 Nc7 13. Bd3 h6 14. h3 Nh7 15. c4 f5 16. Qe2 f4 17. Reb1 Ng5 18. a4 Nxf3+ 19. Qxf3 Ne8 20. Be2 g5 21. Qb3 Nf6 22. f3 h5 23. Kf2 Qg7 24. Rh1 Rb8 25. Rag1 Qf7 26. Bd3 h4 27. Rb1 Nh5 28. Rhd1 Ng3 29. Be2 Bd7 1/2-1/2

[Event "RA-2016-0-00441"]
[Site "LSS email"]
[Date "2016.04.30"]
[Round "?"]
[White "Vaassen, Jack M"]
[Black "Jovanovic, Bratislav M"]
[Result "1/2-1/2"]
[WhiteElo "2195"]
[BlackElo "2147"]
[PlyCount "40"]
[EventDate "2016.03.13"]
[EventType "tourn (corr)"]
[EventRounds "6"]
[EventCountry "GER"]
[SourceTitle "Corr 2022"]
[Source "ChessBase"]
[SourceDate "2021.10.24"]
[SourceVersion "1"]
[SourceVersionDate "2021.10.24"]
[SourceQuality "1"]

1. f4 Nf6 2. Nf3 d5 3. g3 g6 4. Bg2 Bg7 5. 0-0 0-0 6. d3 c6 7. e3 Nbd7 8. Nc3 a5 9. a4 Nc5 10. Qe1 Qb6 11. Kh1 Na6 12. e4 Nb4 13. Qe2 d4 14. Nb1 Rd8 15. Na3 Bg4 16. h3 Bxf3 17. Qxf3 Qc5 18. Bd2 Nd7 19. g4 Nb6 20. b3 Rf8 1/2-1/2

[Event "ZH-2016-0-01458"]
[Site "LSS email"]
[Date "2016.04.19"]
[Round "?"]
[White "Jovanovic, Bratislav M"]
[Black "Pascual Perez, Norge"]
[Result "0-1"]
[WhiteElo "2131"]
[BlackElo "2410"]
[PlyCount "74"]
[EventDate "2016.04.05"]
[EventType "match (corr)"]
[EventRounds "2"]
[EventCountry "GER"]
[SourceTitle "Corr 2022"]
[Source "ChessBase"]
[SourceDate "2021.10.24"]
[SourceVersion "1"]
[SourceVersionDate "2021.10.24"]
[SourceQuality "1"]

1. d4 Nf6 2. c4 g6 3. Nc3 Bg7 4. e4 d6 5. f3 0-0 6. Be3 c5 7. dxc5 dxc5 8. Qxd8 Rxd8 9. Bxc5 Nc6 10. Nd5 Nd7 11. Bxe7 Nxe7 12. Nxe7+ Kf8 13. Nd5 Bxb2 14. Rb1 Bg7 15. Nh3 Nc5 16. Nf2 b6 17. h4 Be6 18. h5 Rac8 19. Nh3 Bxd5 20. exd5 Kg8 21. hxg6 hxg6 22. Nf2 Bc3+ 23. Ke2 Re8+ 24. Kd1 Bd4 25. Ne4 Nxe4 26. fxe4 Rxe4 27. Kc2 Rce8 28. Rh3 Bc5 29. Bd3 Rg4 30. Bf1 Kg7 31. Rd1 Re7 32. Kb3 Rf4 33. a4 a5 34. Rhd3 Bd6 35. Rc3 f5 36. Rc2 Ree4 37. Re2 Rxf1 0-1

[Event "SA-2016-0-00509"]
[Site "LSS email"]
[Date "2016.03.01"]
[Round "?"]
[White "Susla, Vitaliy"]
[Black "Jovanovic, Bratislav M"]
[Result "1-0"]
[WhiteElo "2267"]
[BlackElo "2160"]
[PlyCount "63"]
[EventDate "2016.02.01"]
[EventType "tourn (corr)"]
[EventRounds "6"]
[EventCountry "GER"]
[SourceTitle "Corr 2022"]
[Source "ChessBase"]
[SourceDate "2021.10.24"]
[SourceVersion "1"]
[SourceVersionDate "2021.10.24"]
[SourceQuality "1"]

1. d4 e6 2. c4 d5 3. Nc3 Nf6 4. cxd5 exd5 5. Bg5 Be7 6. e3 Nbd7 7. Bd3 0-0 8. Nge2 c6 9. Qc2 Re8 10. 0-0 h6 11. Bf4 Nf8 12. h3 Bd6 13. Rab1 Ne6 14. Bxd6 Qxd6 15. b4 b6 16. Rfd1 Bd7 17. b5 c5 18. dxc5 Nxc5 19. Bf5 Be6 20. Nd4 Qe5 21. a4 Nb7 22. Bxe6 fxe6 23. Nc6 Qg5 24. Ra1 Qh5 25. Rac1 Nd6 26. f3 Qg5 27. Qf2 Nb7 28. h4 Qg6 29. g4 Nc5 30. Ne5 Qh7 31. h5 Nfd7 32. Ng6 1-0